Statistics for Answers Contain Cool Quiz

Click here to take the quiz!

General Stats

  • This quiz has been taken 427 times
    (421 since last reset)
  • The average score is 8 of 20

Answer Stats

HintAnswer% Correct
End A WorkoutCool Down
85%
Kraft Foods Dessert ToppingCool Whip
81%
Only U.S. President Born On The 4th Of JulyCalvin Coolidge
73%
AntifreezeEngine Coolant
70%
Flavored Tortilla ChipCool Ranch Doritos
66%
Office Gossip Spot or Beach BuddyWater Cooler
64%
"Mama Said Knock You Out" Was His 4th Studio AlbumLL Cool J
57%
Like This VegatableCool As A Cucumber
56%
1993 John Candy FilmCool Runnings
50%
In 1967, He Ate 50 Eggs In 60 MinutesCool Hand Luke
39%
Artis Leon Ivey Jr.'s (Better Known) Stage NameCoolio
25%
Used To Transfer Process Waste Heat To The Atmosphere (You May See One At A Nuclear Power Plant)Cooling Tower
23%
Slogan Popularized In The Education CommunityBe Cool Stay In School
14%
Phrase Coined By ESPN's Stuart ScottCool As The Other Side Of The Pillow
13%
Airconditioner Purpose or 1924 Presidential Campaign SloganKeep Cool (With Coolidge)
10%
WWE Wrestler Kevin "Diesel" Nash's NicknameBig Daddy Cool
9%
1992 Live-action/Animated Film Starring Brad Pitt And Kim BasingerCool World
9%
1984 Hit Single By R&B/Pop Group New EditionCool It Now
7%
1960's Looney Tunes Character Sought By Colonel RimfireCool Cat
6%
Nickname Of NFL QB (Bay Area) LegendCool Joe Montana
6%

Score Distribution

Percentile by Number Answered

Percent of People with Each Score

Your Score History

You have not taken this quiz since the last reset